[Event "BEL-chT 2223"]
[Site "Belgium"]
[Date "2023.01.29"]
[Round "6.4"]
[White "Hautot, Stephane"]
[Black "Bourgeois, Maxime"]
[Result "1-0"]
[WhiteElo "2347"]
[BlackElo "1747"]
[PlyCount "69"]
[EventDate "2022.09.25"]
[EventType "team-tourn"]
[EventRounds "11"]
[EventCountry "BEL"]
[SourceTitle "CBM 213 Extra"]
[Source "ChessBase"]
[SourceDate "2023.05.31"]
[SourceVersion "1"]
[SourceVersionDate "2023.05.31"]
[SourceQuality "1"]
[WhiteTeam "Wirtzfeld"]
[BlackTeam "Liege Crelel"]
[WhiteTeamCountry "BEL"]
[BlackTeamCountry "BEL"]

1. Nf3 Nf6 2. g3 e6 3. Bg2 d5 4. c4 Be7 5. 0-0 0-0 6. d4 Nbd7 7. b3 c5 8. cxd5 exd5 9. Bb2 b6 10. Nc3 Bb7 11. Rc1 Re8 12. e3 Bf8 13. Qe2 cxd4 14. Nxd4 Nc5 15. Rfd1 a6 16. Ba1 Nce4 17. Nxe4 Nxe4 18. Nf5 Bc8 19. Qg4 Qg5 20. Qxg5 Nxg5 21. Nd4 Bg4 22. f3 Bd7 23. Rc7 Rad8 24. Kf2 Bc5 25. Ra7 a5 26. h4 Ne6 27. Nf5 Bc6 28. Nd4 Bd7 29. f4 Nxd4 30. Bxd4 Bxd4 31. Rxd4 Bg4 32. Bxd5 Rc8 33. Bxf7+ Kh8 34. Bxe8 Rc2+ 35. Ke1 1-0

[Event "BEL-chT 2223"]
[Site "Belgium"]
[Date "2022.10.16"]
[Round "2.7"]
[White "De Rover, Yong Hoon"]
[Black "Hautot, Stephane"]
[Result "0-1"]
[WhiteElo "2320"]
[BlackElo "2347"]
[PlyCount "84"]
[EventDate "2022.09.25"]
[EventType "team-tourn"]
[EventRounds "11"]
[EventCountry "BEL"]
[SourceTitle "EXT 2024"]
[Source "ChessBase"]
[SourceDate "2023.10.10"]
[SourceVersion "1"]
[SourceVersionDate "2023.10.10"]
[SourceQuality "1"]
[WhiteTeam "Wachtebeke"]
[BlackTeam "Wirtzfeld"]
[WhiteTeamCountry "BEL"]
[BlackTeamCountry "BEL"]

1. e4 d6 2. d4 Nf6 3. Nc3 Nbd7 4. Nf3 e5 5. Bc4 Be7 6. 0-0 0-0 7. Re1 c6 8. a4 a5 9. h3 exd4 10. Nxd4 Nc5 11. Bf4 Be6 12. Nxe6 fxe6 13. e5 d5 14. exf6 Bxf6 15. Qg4 h5 16. Qg3 dxc4 17. Rad1 Qe8 18. Bd6 Be7 19. Bc7 Rf5 20. Bb6 Qf7 21. Re2 Rf8 22. Bxc5 Bxc5 23. Ne4 Qe7 24. Qc3 Rd5 25. Rf1 Bd4 26. Qxc4 Bxb2 27. c3 Ba3 28. Rb1 Rf7 29. Qa2 Bc5 30. Qc4 Ba7 31. Rbe1 Bb8 32. Nd2 Qd6 33. Nf1 Ba7 34. Qh4 Qf4 35. Qxf4 Rxf4 36. g3 Rxa4 37. Rxe6 Ra2 38. Re8+ Kh7 39. Rf8 a4 40. Rf7 Bc5 41. c4 Kg6 42. Rf3 Rf5 0-1

[Event "Avoine op 36th"]
[Site "Avoine"]
[Date "2022.07.26"]
[Round "4"]
[White "Hautot, Stephane"]
[Black "Dhulipalla, Bala Chandra Prasad"]
[Result "1/2-1/2"]
[WhiteElo "2337"]
[BlackElo "2423"]
[PlyCount "56"]
[EventDate "2022.07.23"]
[EventType "swiss"]
[EventRounds "9"]
[EventCountry "FRA"]
[SourceTitle "CBM 209 Extra"]
[Source "ChessBase"]
[SourceDate "2022.09.30"]
[SourceVersion "1"]
[SourceVersionDate "2022.09.30"]
[SourceQuality "1"]

1. Nf3 d5 2. g3 c6 3. Bg2 Bg4 4. 0-0 Nd7 5. d4 e6 6. b3 Ngf6 7. Nbd2 Be7 8. Bb2 0-0 9. c4 a5 10. Ne5 Bf5 11. a3 h6 12. Re1 Nxe5 13. dxe5 Ne4 14. Nxe4 dxe4 15. e3 Qb6 16. Qc2 Rfd8 17. Bf1 Bg4 18. Bd4 c5 19. Bc3 Qc6 20. a4 Bf3 21. Be2 Bxe2 22. Rxe2 b6 23. Rd1 Rxd1+ 24. Qxd1 Rd8 25. Rd2 Rxd2 26. Qxd2 g5 27. g4 Kf8 28. Qc2 Kg8 1/2-1/2

[Event "Avoine op 36th"]
[Site "Avoine"]
[Date "2022.07.25"]
[Round "3"]
[White "Hautot, Stephane"]
[Black "Siffert, Arman"]
[Result "1-0"]
[WhiteElo "2337"]
[BlackElo "1951"]
[PlyCount "63"]
[EventDate "2022.07.23"]
[EventType "swiss"]
[EventRounds "9"]
[EventCountry "FRA"]
[SourceTitle "CBM 209 Extra"]
[Source "ChessBase"]
[SourceDate "2022.09.30"]
[SourceVersion "1"]
[SourceVersionDate "2022.09.30"]
[SourceQuality "1"]

1. d4 Nf6 2. Nf3 g6 3. g3 Bg7 4. Bg2 0-0 5. 0-0 d6 6. c4 Nc6 7. Nc3 a6 8. d5 Na5 9. b3 c5 10. dxc6 bxc6 11. Bb2 Rb8 12. Qc1 Re8 13. Rd1 Qb6 14. Na4 Qc7 15. c5 Bg4 16. Qf4 e5 17. Qd2 d5 18. Bxe5 Rxe5 19. Nxe5 Qxe5 20. Qxa5 Qxe2 21. Re1 Qc2 22. Qc7 Rf8 23. Qxc6 d4 24. h3 Bf5 25. Qxa6 Nd7 26. c6 Ne5 27. Re2 d3 28. Rxc2 dxc2 29. Rc1 Nd3 30. Rxc2 Nb4 31. Qc4 Nxc2 32. c7 1-0

[Event "BEL-chT 2122"]
[Site "Belgium"]
[Date "2022.05.01"]
[Round "5.4"]
[White "Hautot, Stephane"]
[Black "Michalczak, Thomas"]
[Result "1/2-1/2"]
[WhiteElo "2321"]
[BlackElo "2227"]
[PlyCount "25"]
[EventDate "2021.10.24"]
[EventType "team-tourn"]
[EventRounds "11"]
[EventCountry "BEL"]
[SourceTitle "EXT 2023"]
[Source "ChessBase"]
[SourceDate "2022.10.05"]
[SourceVersion "1"]
[SourceVersionDate "2022.10.05"]
[SourceQuality "1"]
[WhiteTeam "Wirtzfeld"]
[BlackTeam "KSK47 Eynatten"]
[WhiteTeamCountry "BEL"]
[BlackTeamCountry "BEL"]

1. Nf3 d5 2. g3 Nc6 3. d4 Bf5 4. Bg2 Qd7 5. Bf4 0-0-0 6. c3 Nf6 7. b4 Ne4 8. b5 Na5 9. Ne5 Qe8 10. Qa4 b6 11. Nc6 Nxc6 12. bxc6 Kb8 13. Na3 1/2-1/2

[Event "BEL-ch"]
[Site "Bruges"]
[Date "2021.08.14"]
[Round "1"]
[White "Dgebuadze, Alexandre"]
[Black "Hautot, Stephane"]
[Result "1/2-1/2"]
[WhiteElo "2488"]
[BlackElo "2328"]
[PlyCount "46"]
[EventDate "2021.08.14"]
[EventType "tourn"]
[EventRounds "9"]
[EventCountry "BEL"]
[EventCategory "7"]
[SourceTitle "CBM 203 Extra"]
[Source "ChessBase"]
[SourceDate "2021.09.30"]
[SourceVersion "1"]
[SourceVersionDate "2021.09.30"]
[SourceQuality "1"]

1. e4 c5 2. Nf3 d6 3. d4 cxd4 4. Nxd4 Nf6 5. Nc3 Nc6 6. Bc4 e6 7. Be3 Be7 8. Qe2 0-0 9. 0-0-0 a6 10. Bb3 Nxd4 11. Rxd4 Nd7 12. h4 b5 13. Kb1 Rb8 14. Rhd1 b4 15. Na4 Qa5 16. Qe1 Nc5 17. Nxc5 dxc5 18. R4d2 Qc7 19. Bc4 Bxh4 20. Rd3 Bf6 21. f4 Bd4 22. Qf2 e5 23. f5 Bb7 1/2-1/2

[Event "Avoine op 35th"]
[Site "Avoine"]
[Date "2021.07.18"]
[Round "3.3"]
[White "Hautot, Stephane"]
[Black "Lacroix, Romain"]
[Result "1/2-1/2"]
[WhiteElo "2322"]
[BlackElo "2226"]
[PlyCount "57"]
[EventDate "2021.07.18"]
[EventType "swiss"]
[EventRounds "9"]
[EventCountry "FRA"]
[SourceTitle "EXT 2023"]
[Source "ChessBase"]
[SourceDate "2022.10.05"]
[SourceVersion "1"]
[SourceVersionDate "2022.10.05"]
[SourceQuality "1"]

1. e4 d6 2. d4 Nf6 3. Nc3 e5 4. Nge2 Be7 5. g3 0-0 6. Bg2 c6 7. 0-0 b5 8. a3 Nbd7 9. h3 a5 10. g4 Ba6 11. Re1 b4 12. Nb1 d5 13. exd5 cxd5 14. dxe5 Nxe5 15. Nf4 Ng6 16. Nxd5 Nxd5 17. Qxd5 Qc7 18. Qc6 Qxc6 19. Bxc6 Rac8 20. Be4 Rfe8 21. axb4 Bxb4 22. c3 Bd3 23. f3 Bc5+ 24. Be3 Bxe4 25. Bxc5 Bxf3 26. Rxe8+ Rxe8 27. Kf2 Bc6 28. Rxa5 Nf4 29. Kg3 1/2-1/2

[Event "Avoine op 35th"]
[Site "Avoine"]
[Date "2021.07.17"]
[Round "1.5"]
[White "Hautot, Stephane"]
[Black "Frick, Christoph"]
[Result "1-0"]
[WhiteElo "2322"]
[BlackElo "2048"]
[PlyCount "110"]
[EventDate "2021.07.18"]
[EventType "swiss"]
[EventRounds "9"]
[EventCountry "FRA"]
[SourceTitle "EXT 2023"]
[Source "ChessBase"]
[SourceDate "2022.10.05"]
[SourceVersion "1"]
[SourceVersionDate "2022.10.05"]
[SourceQuality "1"]

1. Nf3 d5 2. g3 c6 3. Bg2 Nf6 4. 0-0 Bf5 5. d3 e6 6. Nbd2 Be7 7. Qe1 h6 8. e4 Bh7 9. Qe2 0-0 10. Kh1 a5 11. Ng1 Na6 12. a3 a4 13. f4 dxe4 14. dxe4 Nc5 15. g4 Nfd7 16. Nh3 f6 17. b4 axb3 18. cxb3 Nb6 19. Nf2 Qc7 20. f5 Bd6 21. b4 Nca4 22. Nf3 Rfe8 23. Qc2 Kh8 24. Nd3 exf5 25. exf5 Re4 26. h3 Rae8 27. Bd2 Bg8 28. Rae1 Bd5 29. Nc5 Rxe1 30. Rxe1 Ra8 31. Ne6 Qf7 32. Nh4 Bxg2+ 33. Kxg2 Nd5 34. Ng6+ Kg8 35. Qb3 Nab6 36. Nd4 Re8 37. Re6 Rxe6 38. Nxe6 Nc7 39. Nd4 Qd5+ 40. Qxd5+ Ncxd5 41. Bc1 Nc4 42. Kf3 Nc3 43. Nc2 c5 44. Bf4 cxb4 45. axb4 Kf7 46. Bxd6 Nxd6 47. Ke3 h5 48. Kd4 hxg4 49. hxg4 Na4 50. Kd5 Nb5 51. Ne3 Nbc3+ 52. Kd6 Nb2 53. Nf4 b5 54. Kc6 Nba4 55. Ned5 Nb2 1-0

[Event "Wachtebeke-A"]
[Site "Wachtebeke"]
[Date "2020.02.27"]
[Round "9"]
[White "Hautot, Stephane"]
[Black "De Rover, Yong Hoon"]
[Result "1/2-1/2"]
[WhiteElo "2322"]
[BlackElo "2370"]
[PlyCount "31"]
[EventDate "2020.02.22"]
[EventType "tourn"]
[EventRounds "9"]
[EventCountry "BEL"]
[EventCategory "3"]
[SourceTitle "CBM 195 Extra"]
[Source "ChessBase"]
[SourceDate "2020.05.31"]
[SourceVersion "1"]
[SourceVersionDate "2020.05.31"]
[SourceQuality "1"]

1. d4 d5 2. Bf4 Nf6 3. e3 e6 4. Nd2 Bd6 5. Bg3 c5 6. c3 Nc6 7. Ngf3 cxd4 8. exd4 Nh5 9. Bxd6 Qxd6 10. Bb5 Bd7 11. 0-0 0-0 12. Nb3 b6 13. Re1 a6 14. Bxc6 Bxc6 15. Ne5 Nf6 16. Nd2 1/2-1/2

[Event "Wachtebeke-A"]
[Site "Wachtebeke"]
[Date "2020.02.25"]
[Round "6"]
[White "Grochal, Joey"]
[Black "Hautot, Stephane"]
[Result "1/2-1/2"]
[WhiteElo "2303"]
[BlackElo "2322"]
[PlyCount "47"]
[EventDate "2020.02.22"]
[EventType "tourn"]
[EventRounds "9"]
[EventCountry "BEL"]
[EventCategory "3"]
[SourceTitle "CBM 195 Extra"]
[Source "ChessBase"]
[SourceDate "2020.05.31"]
[SourceVersion "1"]
[SourceVersionDate "2020.05.31"]
[SourceQuality "1"]

1. d4 d5 2. c4 c6 3. Nf3 Nf6 4. Nc3 e6 5. Bg5 Nbd7 6. e3 h6 7. Bh4 g5 8. Bg3 Nh5 9. Be5 Nhf6 10. h3 Nxe5 11. Nxe5 Nd7 12. Nxd7 Bxd7 13. Bd3 Bg7 14. cxd5 exd5 15. Qf3 Qf6 16. Qxf6 Bxf6 17. b4 Ke7 18. b5 Kd6 19. Kd2 Bd8 20. bxc6 Bxc6 21. Ke2 Ba5 22. Rac1 Rac8 23. Kf3 Bd7 24. Nb5+ 1/2-1/2

[Event "Wachtebeke-A"]
[Site "Wachtebeke"]
[Date "2020.02.24"]
[Round "4"]
[White "Dgebuadze, Alexandre"]
[Black "Hautot, Stephane"]
[Result "1/2-1/2"]
[WhiteElo "2485"]
[BlackElo "2322"]
[PlyCount "45"]
[EventDate "2020.02.22"]
[EventType "tourn"]
[EventRounds "9"]
[EventCountry "BEL"]
[EventCategory "3"]
[SourceTitle "CBM 195 Extra"]
[Source "ChessBase"]
[SourceDate "2020.05.31"]
[SourceVersion "1"]
[SourceVersionDate "2020.05.31"]
[SourceQuality "1"]

1. e4 d6 2. d4 Nf6 3. Nc3 Nbd7 4. Nf3 e5 5. Bc4 Be7 6. 0-0 0-0 7. Re1 c6 8. a4 exd4 9. Nxd4 Ne5 10. Bf1 Re8 11. h3 Ng6 12. Bd2 h6 13. a5 Bd7 14. b4 Bf8 15. b5 c5 16. Nf3 Be6 17. Be3 d5 18. exd5 Nxd5 19. Nxd5 Qxd5 20. Qxd5 Bxd5 21. Nd2 Nh4 22. Bf4 Nf5 23. c3 1/2-1/2

[Event "Wachtebeke-A"]
[Site "Wachtebeke"]
[Date "2020.02.22"]
[Round "2"]
[White "Hautot, Stephane"]
[Black "Risting, Eivind Olav"]
[Result "1/2-1/2"]
[WhiteElo "2322"]
[BlackElo "2289"]
[PlyCount "59"]
[EventDate "2020.02.22"]
[EventType "tourn"]
[EventRounds "9"]
[EventCountry "BEL"]
[EventCategory "3"]
[SourceTitle "CBM 195 Extra"]
[Source "ChessBase"]
[SourceDate "2020.05.31"]
[SourceVersion "1"]
[SourceVersionDate "2020.05.31"]
[SourceQuality "1"]

1. e4 c5 2. c4 Nc6 3. Nc3 g6 4. g3 Bg7 5. Bg2 e6 6. d3 d6 7. Nge2 Nge7 8. 0-0 0-0 9. Rb1 Nd4 10. b4 cxb4 11. Rxb4 Qa5 12. Ra4 Nxe2+ 13. Nxe2 Qc7 14. Be3 Bd7 15. Rb4 Rfb8 16. Qd2 b5 17. cxb5 Rxb5 18. Rc1 Qa5 19. Rcb1 Rxb4 20. Rxb4 Qa6 21. d4 Nc6 22. Rb3 Rb8 23. Rxb8+ Nxb8 24. d5 Bb5 25. dxe6 fxe6 26. Nd4 Bc4 27. Qb4 Nd7 28. a4 Bf8 29. Bh3 Nc5 30. Nb5 1/2-1/2

[Event "BEL-chT 1920"]
[Site "Belgium"]
[Date "2020.02.16"]
[Round "8.8"]
[White "Hautot, Stephane"]
[Black "De Gueldre, Philippe"]
[Result "1/2-1/2"]
[WhiteElo "2320"]
[BlackElo "2228"]
[PlyCount "42"]
[EventDate "2019.09.29"]
[EventType "team-tourn"]
[EventRounds "11"]
[EventCountry "BEL"]
[SourceTitle "CBM 195 Extra"]
[Source "ChessBase"]
[SourceDate "2020.05.31"]
[SourceVersion "1"]
[SourceVersionDate "2020.05.31"]
[SourceQuality "1"]
[WhiteTeam "Wirtzfeld"]
[BlackTeam "Liege Crelel"]
[WhiteTeamCountry "BEL"]
[BlackTeamCountry "BEL"]

1. e4 e6 2. d4 d5 3. Nc3 Nf6 4. Bg5 Be7 5. e5 Nfd7 6. h4 c5 7. Bxe7 Kxe7 8. Qg4 Kf8 9. f4 cxd4 10. Nb5 Nc6 11. Nf3 Qa5+ 12. Kf2 Nc5 13. Kg1 d3 14. Nd6 Ne4 15. Bxd3 h5 16. Qh3 Qb6+ 17. Kh2 Nf2 18. Qg3 Ng4+ 19. Kh3 Nf2+ 20. Kh2 Ng4+ 21. Kh3 Nf2+ 1/2-1/2

[Event "BEL-chT 1920"]
[Site "Belgium"]
[Date "2019.11.17"]
[Round "4.8"]
[White "Van Baar, Esper"]
[Black "Hautot, Stephane"]
[Result "1/2-1/2"]
[WhiteElo "2213"]
[BlackElo "2320"]
[PlyCount "81"]
[EventDate "2019.09.29"]
[EventType "team-tourn"]
[EventRounds "11"]
[EventCountry "BEL"]
[SourceTitle "CBM 195 Extra"]
[Source "ChessBase"]
[SourceDate "2020.05.31"]
[SourceVersion "1"]
[SourceVersionDate "2020.05.31"]
[SourceQuality "1"]
[WhiteTeam "Wachtebeke"]
[BlackTeam "Wirtzfeld"]
[WhiteTeamCountry "BEL"]
[BlackTeamCountry "BEL"]

1. e4 d6 2. d4 Nf6 3. Nc3 Nbd7 4. Nge2 e5 5. h3 h5 6. g3 b5 7. a3 Bb7 8. Bg2 a6 9. 0-0 g6 10. d5 Bg7 11. Be3 0-0 12. Qd2 Nh7 13. a4 b4 14. Na2 a5 15. c3 Nc5 16. Nac1 Nf6 17. Bxc5 dxc5 18. Nb3 Qd6 19. c4 Nd7 20. Nec1 Kh7 21. Nd3 Bh6 22. f4 h4 23. Qe1 hxg3 24. f5 Ba6 25. Nxa5 Qb6 26. Nc6 Bxc4 27. Ndxe5 Nxe5 28. Nxe5 Bxf1 29. Nd7 Qd6 30. Nxf8+ Qxf8 31. Qxf1 Be3+ 32. Kh1 Bd4 33. Qf4 Qd6 34. fxg6+ fxg6 35. Rf1 Qxf4 36. Rxf4 Kg7 37. b3 c4 38. e5 Bxe5 39. Rxc4 Bd6 40. Bf3 Re8 41. Re4 1/2-1/2

[Event "Avoine op 34th"]
[Site "Avoine"]
[Date "2019.07.25"]
[Round "6"]
[White "Hautot, Stephane"]
[Black "Riou Durand, Lionel"]
[Result "1-0"]
[WhiteElo "2328"]
[BlackElo "1936"]
[PlyCount "53"]
[EventDate "2019.07.20"]
[EventType "swiss"]
[EventRounds "9"]
[EventCountry "FRA"]
[SourceTitle "EXT 2020"]
[Source "ChessBase"]
[SourceDate "2019.10.17"]
[SourceVersion "1"]
[SourceVersionDate "2019.10.17"]
[SourceQuality "1"]

1. d4 e6 2. Nf3 f5 3. c4 Nf6 4. Nc3 Be7 5. Qc2 0-0 6. h3 b6 7. g4 Bb7 8. gxf5 exf5 9. d5 Bb4 10. Bd2 c6 11. Rg1 Qe7 12. Nh4 Ne4 13. Nxf5 Rxf5 14. Qxe4 Re5 15. Qg4 cxd5 16. f4 Re6 17. f5 Re5 18. Bh6 Re4 19. Qxg7+ Qxg7 20. Bxg7 Kf7 21. 0-0-0 Rxc4 22. e3 Rc8 23. Be2 Nc6 24. Bh5+ Kg8 25. Bf6+ Kf8 26. Rg7 d4 27. Rdg1 1-0

[Event "Wachtebeke-A"]
[Site "Wachtebeke"]
[Date "2019.03.04"]
[Round "5"]
[White "Hautot, Stephane"]
[Black "Dardha, Daniel"]
[Result "0-1"]
[WhiteElo "2347"]
[BlackElo "2369"]
[PlyCount "58"]
[EventDate "2019.03.02"]
[EventType "tourn"]
[EventRounds "9"]
[EventCountry "BEL"]
[EventCategory "3"]
[SourceTitle "CBM 189 Extra"]
[Source "ChessBase"]
[SourceDate "2019.06.03"]
[SourceVersion "1"]
[SourceVersionDate "2019.06.03"]
[SourceQuality "1"]

1. d4 Nf6 2. Nf3 g6 3. g3 b6 4. Bg2 Bb7 5. 0-0 Bg7 6. c4 0-0 7. d5 Na6 8. Nd4 Nc5 9. b4 Nce4 10. Qd3 e5 11. Nb3 Nd6 12. e4 c6 13. c5 bxc5 14. bxc5 Ndxe4 15. d6 a5 16. Bxe4 Ba6 17. Qc2 Nxe4 18. Qxe4 a4 19. N3d2 f5 20. Qxa4 Bxf1 21. Qb3+ Kh8 22. Kxf1 Rb8 23. Qa3 e4 24. Nc3 Qf6 25. Ndb1 Qd4 26. Be3 Qd3+ 27. Kg2 g5 28. Qc1 f4 29. gxf4 gxf4 0-1

[Event "BEL-chT 1819"]
[Site "Belgium"]
[Date "2018.11.18"]
[Round "4.8"]
[White "Hautot, Stephane"]
[Black "De Gueldre, Philippe"]
[Result "1-0"]
[WhiteElo "2331"]
[BlackElo "2229"]
[PlyCount "115"]
[EventDate "2018.09.30"]
[EventType "team-tourn"]
[EventRounds "11"]
[EventCountry "BEL"]
[SourceTitle "CBM 187 Extra"]
[Source "ChessBase"]
[SourceDate "2018.11.04"]
[SourceVersion "1"]
[SourceVersionDate "2018.11.04"]
[SourceQuality "1"]
[WhiteTeam "Wirtzfeld"]
[BlackTeam "Liege Crelel"]
[WhiteTeamCountry "BEL"]
[BlackTeamCountry "BEL"]

1. Nf3 d5 2. d4 Nf6 3. g3 e6 4. Bg2 c5 5. 0-0 Nc6 6. c4 dxc4 7. dxc5 Qa5 8. Na3 c3 9. bxc3 Bxc5 10. Qb3 0-0 11. Nc4 Qa6 12. a4 e5 13. Qb5 e4 14. Qxc5 exf3 15. Bxf3 Be6 16. Nd6 Na5 17. Rb1 b6 18. Qb5 Qxb5 19. axb5 Rab8 20. Rd1 Rfd8 21. Bf4 Ne8 22. Kg2 h6 23. Nxe8 Rxd1 24. Nf6+ gxf6 25. Rxd1 Rc8 26. Bxh6 Rxc3 27. Rd8+ Kh7 28. Be3 Rc8 29. Rxc8 Bxc8 30. Be4+ Kg7 31. Bd3 Be6 32. Bf4 Nb3 33. Bb8 Nc5 34. Bxa7 Nxd3 35. exd3 Bd7 36. Bxb6 Bxb5 37. d4 Bc6+ 38. f3 Kg6 39. Kf2 Kf5 40. Ke3 Bd5 41. h4 Bb3 42. g4+ Ke6 43. Bd8 Bc2 44. h5 Bh7 45. f4 f5 46. g5 Kd6 47. Bf6 Ke6 48. Kd3 Kd5 49. Kc3 Bg8 50. Kb4 Bh7 51. Kb5 Bg8 52. Kb6 Kd6 53. Be5+ Kd7 54. d5 Bh7 55. Kc5 Bg8 56. Kd4 Ke7 57. Bf6+ Kd6 58. Bg7 1-0

[Event "EU-Cup 34th"]
[Site "Porto Carras"]
[Date "2018.10.18"]
[Round "7.3"]
[White "Hautot, Stephane"]
[Black "Papadiamandis, Elliot"]
[Result "1-0"]
[WhiteElo "2331"]
[BlackElo "2149"]
[PlyCount "79"]
[EventDate "2018.10.12"]
[EventType "team-swiss"]
[EventRounds "7"]
[EventCountry "GRE"]
[SourceTitle "CBM 187"]
[Source "ChessBase"]
[SourceDate "2018.12.11"]
[SourceVersion "1"]
[SourceVersionDate "2018.12.11"]
[SourceQuality "1"]
[WhiteTeam "Wirtzfeld"]
[BlackTeam "Bois Colombes"]
[WhiteTeamCountry "BEL"]
[BlackTeamCountry "FRA"]

1. e4 c5 2. Nf3 d6 3. Bb5+ Nd7 4. 0-0 Ngf6 5. Re1 a6 6. Bf1 Qc7 7. c3 e6 8. d4 Be7 9. e5 dxe5 10. dxe5 Nd5 11. c4 Nb4 12. Bf4 b6 13. a3 Nc6 14. Nc3 Bb7 15. Nd5 Qd8 16. Nxe7 Nxe7 17. Qd3 Qc7 18. Ng5 Nf5 19. Nxf7 Kxf7 20. Qxf5+ exf5 21. e6+ Ke7 22. Bxc7 Nf6 23. Bxb6 Rac8 24. b4 Ne4 25. Rad1 Bc6 26. f3 Rb8 27. bxc5 Nc3 28. Rd3 Na4 29. Bc7 Rb7 30. Bd6+ Kf6 31. Be5+ Kg6 32. Rd6 Be8 33. c6 Rc7 34. Rd7 Bxd7 35. cxd7 Rb7 36. Bd4 Rc7 37. c5 a5 38. c6 Rxc6 39. e7 Rd6 40. e8Q+ 1-0

[Event "EU-Cup 34th"]
[Site "Porto Carras"]
[Date "2018.10.17"]
[Round "6.3"]
[White "Baldauf, Marco"]
[Black "Hautot, Stephane"]
[Result "1/2-1/2"]
[WhiteElo "2472"]
[BlackElo "2331"]
[PlyCount "114"]
[EventDate "2018.10.12"]
[EventType "team-swiss"]
[EventRounds "7"]
[EventCountry "GRE"]
[SourceTitle "CBM 187"]
[Source "ChessBase"]
[SourceDate "2018.12.11"]
[SourceVersion "1"]
[SourceVersionDate "2018.12.11"]
[SourceQuality "1"]
[WhiteTeam "Berlin SF"]
[BlackTeam "Wirtzfeld"]
[WhiteTeamCountry "GER"]
[BlackTeamCountry "BEL"]

1. c4 c5 2. Nf3 g6 3. d4 cxd4 4. Nxd4 Bg7 5. e4 Nf6 6. Nc3 d6 7. Be2 Nc6 8. Be3 0-0 9. 0-0 Nxd4 10. Bxd4 Be6 11. f4 Rc8 12. b3 Qa5 13. Rc1 b5 14. Nxb5 Nxe4 15. Bxg7 Kxg7 16. Qd4+ Nf6 17. Qxa7 Qxa7+ 18. Nxa7 Ra8 19. Nc6 Rxa2 20. Bf3 Bg4 21. Nxe7 Bxf3 22. Rxf3 Re8 23. Re1 Rb2 24. f5 g5 25. Kf1 Ra8 26. Rg3 h6 27. h4 Nh5 28. f6+ Kh7 29. Rg4 Nxf6 30. Rg3 g4 31. h5 Raa2 32. Kg1 Re2 33. Rf1 Rxe7 34. Rxf6 Kg7 35. Rf4 Re1+ 36. Kh2 Raa1 37. Rfxg4+ Kf8 38. Rd3 Rh1+ 39. Kg3 Rab1 40. Rh4 Rhg1 41. Rf4 Rb2 42. Rf2 Rgb1 43. Rxb2 Rxb2 44. Kf3 Ke7 45. g3 f5 46. Ke3 Rh2 47. Rd5 Ke6 48. b4 Rxh5 49. b5 Rg5 50. Kf3 Rg4 51. b6 Rxc4 52. Rb5 Rc8 53. Ke3 Kd7 54. Rxf5 Rc3+ 55. Kf4 Rc4+ 56. Kf3 Rb4 57. Rh5 Rxb6 1/2-1/2